| 000 | 00881cab a2200205 4500 | ||
|---|---|---|---|
| 001 | L136436 | ||
| 008 | 070131n2006 000 0 eng u | ||
| 035 | _a(Sirsi) u136436 | ||
| 041 | 0 | _aeng | |
| 100 | 1 | _aHartman, Hattie | |
| 245 | 0 | 4 | _aThe green building council wants to take green design to the mainstream |
| 260 | _c2006 | ||
| 490 | 0 |
_aArchitects' Journal _v22(224) 14 December 2006, 48-49(2) |
|
| 520 | _aDiscusses the launch of the UK Green Building Council, a coalition for energy efficient building. Discusses the intention of making green design and planning, hitherto an activity that was solely the concern of designers, into a mainstream and business sector concern. | ||
| 590 | _aKA | ||
| 650 | 2 | 4 | _aUK GREEN BUILDING COUNCIL |
| 651 | 4 |
_aUnited Kingdom _y |
|
| 690 | _aENVIRONMENTAL AND LAND CONSULTANCY-SUSTAINABILITY-SUSTAINABLE DEVELOPMENT | ||
| 942 | _n0 | ||
| 999 |
_c78289 _d78289 |
||